| 000 | 00427nam a22001697a 4500 | ||
|---|---|---|---|
| 999 |
_c525944 _d525944 |
||
| 003 | NUST | ||
| 020 | _qH/B | ||
| 038 | _awaseem | ||
| 082 |
_a891.4913 _bABD |
||
| 100 |
_aAbid, Asgher _916895 |
||
| 245 |
_aQuaid Dy Qadam / _cAsgher Abid |
||
| 260 |
_aRawalpindi : _bRays Publications, _c2001. |
||
| 300 | _a109 p. ; | ||
| 880 |
_6100-01\r _aاصغر عابد |
||
| 880 |
_6245-02\r _aقائد دے قدم / |
||
| 942 |
_2ddc _cBK |
||